000 00842nam a2200265 c 4500
999 _c345634
_d345634
003 BLK
005 20210811030708.0
008 180911b bul|||||r ||||||| ||bul||
010 _a004286
040 _aBLK
041 _aFRE
_cBUL
080 _z949.8:930.9
100 1 _aIORGA, N.
_eпърви автор
_913737
245 0 0 _aLa place des roumains dans l'histoire universelle
_nT. 2
246 _aT. 1- 2
_iAntiquite et moyen-age
260 _aBucarest
_bL'inst. d'etudes bysantines
_c1935
_g1935
300 _a219 с
_c24 см
380 _a9
490 _aЧастна колекция - Академик Михаил Арнаудов
_gДарение - Основен фонд
655 _aистория
_9396557
700 1 _aN. Iorga
_9397306
760 _h219 с.
_oТ. 2
852 _aМА 655
_bМА
942 _cKNG
_n0
_s1
944 _aCR
_c1995
_kValK
999 _d344620